Biathlon Hommes Athlètes - Statistiques

Statistiques générales
  • Ce quiz a été pris 254 fois
  • Le résultat moyen est 25 sur 93
Statistiques - réponses
Pays Athlètes % Correct
Eric Perrot
95%
Quentin Fillon Maillet
94%
Emilien Jacquelin
91%
Fabien Claude
90%
Emilien Claude
89%
Belgique Florent Claude
86%
France Martin Fourcade
81%
Simon Fourcade
79%
Norvège Johannes Boe
78%
Italie Tommaso Giacomel
78%
Tarjei Boe
77%
Suède Sebastian Samuelsson
74%
Johan-Olav Botn
68%
Oscar Lombardot
68%
Vetle Christiansen
66%
Lukas Hofer
65%
Antonin Guigonnat
64%
Martin Ponsiluoma
62%
Sturla Laegreid
58%
États Unis Campbell Wright
55%
Allemagne Philipp Nawrath
50%
Autriche Simon Eder
44%
Philipp Horn
43%
Jesper Nelin
42%
Martin Uldal
42%
Slovénie Jakov Fak
35%
Isak Frey
34%
Sivert Bakken
34%
Finlande Tero Seppala
33%
Justus Strelow
29%
Viktor Brandt
29%
Maxime Germain
28%
Michal Krcmar
27%
Valentin Lejeune
26%
Didier Bionaz
24%
Olli Hiidensalo
21%
Niklas Hartweg
20%
République Tchèque Vitezslav Hornig
20%
David Zobel
17%
Lettonie Andrejs Rastorgujevs
16%
Patrick Braunhofer
16%
Lituanie Vytautas Strolia
15%
Elia Zeni
14%
Suisse Sebastian Stalder
13%
Johannes Dale-Skevdal
12%
Johannes Kuehn
12%
Sverre Aspenes
12%
Thierry Langer
12%
Ukraine Vitalii Mandzyn
12%
Dmytro Pidruchnyi
11%
Danilo Riethmüller
10%
Malte Stefansson
10%
Paul Schommer
10%
Endre Stroemsheim
9%
Joscha Burkhalter
9%
Otto Invenius
9%
Sean Doherty
9%
Bulgarie Vladimir Iliev
9%
Konrad Badacz
8%
Lovro Planko
8%
Pologne Jan Gunka
7%
Martin Nevland
6%
Miha Dovzan
6%
Renars Birkentals
6%
Canada Adam Runnalls
5%
Anton Vidmar
5%
Blagoy Todev
5%
Estonie Kristo Siimer
5%
Dominic Unterweger
4%
Fabian Muellauer
4%
Roumain George Coltea
4%
Grzegorz Galica
4%
Henning Sjokvist
4%
Jakob Kulbin
4%
Jonas Marecek
4%
Lucas Fratzscher
4%
Mikulas Karlik
4%
Oscar Andersson
4%
Tomas Mikyska
4%
Tuomas Harjula
4%
Kazakhstan Vladislav Kireyev
4%
Asset Dyussenov
3%
Slovaquie Jakub Borgula
3%
Jakub Stvrtecky
3%
Jimi Klemettinen
3%
Kiril Vasilev
3%
Maksim Fomin
3%
Mark Kehva
3%
Martin Matko
3%
Moldavie Pavel Magazeev
3%
Simon Kaiser
3%
Chine Xingyuan Yan
3%
Bohdan Borkovskyi
2%
Aucun quiz correspondant
Distribution des résultats
% des personnes avec chaque résultat
Percentile par nombre de réponses
Votre historique - résultats
Vous n’avez pas pris ce quiz